Memorias del futuro: reflexiones sobre el tiempo presente

Sábháilte in:
Sonraí bibleagrafaíochta
Príomhchruthaitheoir: González Márquez, Felipe (Údar)
Formáid: LEABHAR
Teanga:Spáinnis
Foilsithe / Cruthaithe: Madrid Santillana 2003
Eagrán:1a. ed
Ábhair:
Clibeanna: Cuir clib leis
Níl clibeanna ann, Bí ar an gcéad duine le clib a chur leis an taifead seo!

MARC

LEADER 00000nam a2200000 a 4500
001 UCK7168
003 CL-VaPUC
008 051111e20030000SP |||||||||||||||||spa|d
020 |a 8403093675 
082 0 4 |a 320.01  |b GON  |2 21 
100 0 |a González Márquez, Felipe  |e author  |9 496603 
245 1 0 |a Memorias del futuro: reflexiones sobre el tiempo presente 
250 |a 1a. ed 
300 |a 387 p 
942 |c BK 
945 |d 20051111 00:00:00  |a cmena 
260 |a Madrid  |b Santillana  |c 2003 
650 7 |a FILOSOFIA POLITICA  |2 CL-VaPUC  |9 496604 
650 0 |a Problemas políticos  |9 393181 
650 0 |a Tratados internacionales   |9 256056 
650 0 |a Relaciones Internacionales  |9 255740 
650 0 |a Globalización  |9 361930 
650 0 |a Problemas sociales  |9 258537 
650 0 |a Poder político  |9 255509 
583 |a last modification  |c 20051111 00:00:00  |k Rodrigo Vera 
999 |c 315209  |d 315207 
952 |0 0  |1 0  |4 0  |6 320_010000000000000_GON_2003  |7 0  |8 A  |9 388184  |a BIBEDU  |b BIBEDU  |d 2019-11-22  |i 4178777  |o 320.01 GON 2003  |p 4178777  |r 2019-11-22  |w 2019-11-22  |y BK  |k EBA